| 000 | 00887nam a2200277 a 4500 | ||
|---|---|---|---|
| 001 | 000000213 | ||
| 003 | DO-SdBNP | ||
| 005 | 20240412074309.0 | ||
| 007 | ta | ||
| 008 | 090130s2021 dr 001 0 spa d | ||
| 020 | _a9789945221510 | ||
| 040 |
_aDO-SdBNP _bspa _cBNPHU |
||
| 082 | 4 |
_aRD866.44 _bR466e _222 |
|
| 100 | 1 |
_aReynoso, Antonio, _9703 |
|
| 245 | 1 | 4 |
_aEpístolas abiertas / _cAntonio Reynoso ; ilustraciones Marcel Yosira De la Cruz Encarnación. |
| 260 |
_aSanto Domingo : _bBúho, _c2021. |
||
| 300 |
_a234 p. ; _c24 cm. |
||
| 500 | _aIncluye datos biográficos del autor en la solapa de la cubierta | ||
| 505 | _t- | ||
| 590 | _aInventariado, 2021 / DG | ||
| 650 | 0 |
_aCuentos dominicanos _9176 |
|
| 650 | 0 |
_aLiteratura dominicana. _967 |
|
| 650 | 4 |
_aUniversidades _zRepública Dominicana _9729 |
|
| 910 | _aDG/Validado. Control de calidad MFF | ||
| 942 |
_2ddc _cLBS1 |
||
| 999 |
_c51508 _d51508 |
||